000 00646nam a2200205 i 4500
001 37194
003 ES-MaACL
007 t|
008 030220s1955 sp ||||1| spa d
100 1 _aBunin, Iván Alekseevich.
_932552
245 1 0 _aCuando la vida empieza /
_cIván Alekseevich Bunin ; [versión española de Renato Lavergne].
250 _a[1ª ed.].
260 _aBarcelona :
_bLuis de Caralt,
_c[1955] (
_fHorta)
300 _a380 p. :
_bil. ;
_c20 cm.
490 1 _aColección gigante
700 1 _aLavergne, Renato.
_970708
830 0 _aColección gigante
_9181935
852 _aES-MaACL
_jC-9819
_bR.37667
999 _c37194
_d37194